• 首页
  • 本馆介绍
  • 公告通知
  • 最新文献
  • 馆藏检索
  • 电子资源
  • 读者导购
  • 参考咨询
  • 我的图书馆
  • 登录
  • 详细信息显示
  • 放入我的书架
  • 预约/预借图书
  • 作者相关作品
  • 分类相关作品
  • 丛书相关作品
  • 出版社相关作品

书目信息

  • 表格格式
  • 工作单格式
  • 卡片格式
题名:
电子模拟数字转换器
    
 
作者: 舒塔寿 , Seitzer 著 ;赵学铭 , 李忠德 译
分册:  
出版信息: 北京   机械工业出版社  1984
页数: 133页
开本: 21cm
丛书名:
单 册:
中图分类: TP335 , TP353
科图分类:
主题词: 电子数字计算机-模-数转换器 , 模-数转换器-电子数字计算机 , 混合计算机
电子资源:
ISBN:
000 01028nam0 2200337 45
001 0184010989
005 20040520093315.7
010    @dCNY0.70
091    @a15033.5648
100    @a19950614d1984 em y0chiy0121 ea
101 1  @achi@cger
102    @aCN@b110000
105    @ay z 000yy
106    @ar
200 10 @a电子模拟数字转换器@Adian zi mo ni shu zi zhuan huan qi@f(德)舒塔寿(D.Seitzer)著@g赵学铭,李忠德译
210    @a北京@c机械工业出版社@d1984
215    @a133页@d21cm
300    @a书名原文:Elektronische Analog-Di-gital-Umsetzer K
510 1  @aElektronische Analog-Di-gital-Umsetzer K@zeng
606    @a电子数字计算机-模-数转换器
606    @a模-数转换器-电子数字计算机
606 0  @a混合计算机
690    @aTP335@v3
690    @aTP353
701  1 @a舒塔寿@Ashu ta shou@bD.@4著
701 A1 @aSeitzer@bD.@4著
702  0 @a赵学铭@Azhao xue ming@4译
702  0 @a李忠德@Ali zhong de@4译
801  0 @aCN@b上海图书馆@c20040520
801  2 @aCN@bNLC@c20040520
905    @f2@b108271-272@dTP353@e28
    
    电子模拟数字转换器/(德)舒塔寿(D.Seitzer)著/赵学铭,李忠德译.-北京:机械工业出版社,1984
    133页;21cm
    书名原文:Elektronische Analog-Di-gital-Umsetzer K
    
    ISBN :CNY0.70
    
●
相关链接 在E读中查询图书 在五车中查询图书 在当当中查询图书 在豆瓣中查询图书


正题名:电子模拟数字转换器     索取号:TP353/28         预约/预借

序号 登录号 条形码 馆藏地/架位号 状态 备注
1 0108271   001636108   第三借阅区/ [索取号:TP353/28] 在馆    
2 0108272   001636144   密集书库/ [索取号:TP353/28] 在馆    
3 0108273   001636135   第二样本阅览室/ [索取号:TP353/28] 在馆    
唐山师范学院图书馆 欢迎您!
大连网信软件有限公司© 版权所有